Most common passwords - Statistics

General Stats
  • This quiz has been taken 1,366 times
  • The average score is 5 of 15
Answer Stats
Hint Answer % Correct
1, do you even need a hint? password
85%
15, another sport? football
73%
8, fire-breather dragon
62%
2, easy 123456
61%
4, on the keyboard qwerty
55%
3, easy +2 12345678
54%
9, a sport baseball
50%
10, a little repeatative 111111
25%
14, and we have liftoff! 654321
9%
5, ♫ its simple! its___♫ abc123
9%
13, a pokemon______. master
7%
12, will you marry me? iloveyou
5%
6, animal monkey
5%
7, it's cold out here letmein
4%
11, this 0ne's easy pass0rd
3%
No matching quizzes found
Score Distribution
Percent of People with Each Score
Percentile by Number Answered
Your Score History
You have not taken this quiz